| 000 | 00528nam a2200193Ia 4500 | ||
|---|---|---|---|
| 003 | IIN | ||
| 005 | 20250519105504.0 | ||
| 008 | 231217s2022 xx ad 001 0 eng d | ||
| 020 |
_cRs.625.00 _a9789386006998 |
||
| 040 |
_aIIN _bEnglish |
||
| 082 |
_a150.2461073 _bRAJ |
||
| 100 | 1 | _aRaj, D. Elakkuvana Bhaskara | |
| 245 | 2 |
_aApplied Psychology for Nurses/ _cD. Elakkuvana Bhaskara Raj |
|
| 260 |
_bEMMESS _aBangalore _c2022 |
||
| 300 |
_aviii, 344p. _bill. |
||
| 500 | _aIncludes Index | ||
| 650 | 1 | _aPsychology | |
| 942 | _cBOOK | ||
| 999 |
_c1359 _d1359 |
||